[Event "RUS-chT 32nd"]
[Site "Sochi"]
[Date "2025.04.27"]
[Round "2.2"]
[White "Artemiev, Vladislav"]
[Black "Dreev, Alexey"]
[Result "1-0"]
[WhiteElo "2679"]
[BlackElo "2590"]
[PlyCount "59"]
[EventDate "2025.04.26"]
[EventType "team-swiss"]
[EventRounds "9"]
[EventCountry "RUS"]
[SourceTitle "CB19_2025"]
[SourceDate "2025.05.07"]
[SourceVersion "1"]
[SourceVersionDate "2025.05.07"]
[SourceQuality "1"]
[WhiteTeam "Moscow KPRF"]
[BlackTeam "Moscow Sbornaya"]
[WhiteTeamCountry "RUS"]
[BlackTeamCountry "RUS"]

1. e4 c5 2. Nf3 d6 3. d4 cxd4 4. Nxd4 Nf6 5. Nc3 Nc6 6. f3 e5 7. Nb3 Be7 8. Be3 0-0 9. Qd2 a5 10. Bb5 Be6 11. 0-0-0 Na7 12. Bxa7 Rxa7 13. Kb1 Qb6 14. a4 Raa8 15. Rhe1 Rfd8 16. Qe3 Qxe3 17. Rxe3 d5 18. exd5 Nxd5 19. Nxd5 Bxd5 20. Rdd3 Bxb3 21. Rxb3 Bd6 22. Bc4 b6 23. Bd5 Rac8 24. Re2 Rb8 25. Ka2 Kf8 26. g4 g6 27. Rd3 Bc7 28. Re4 Rbc8 29. Rc4 Bb8 30. Bb7 1-0

[Event "Titled Tuesday intern op 14th Jan Early"]
[Site "Chess.com INT"]
[Date "2025.01.14"]
[Round "10"]
[White "Xiong, Jeffery"]
[Black "Dreev, Alexey"]
[Result "1-0"]
[WhiteElo "2636"]
[BlackElo "2590"]
[PlyCount "73"]
[EventDate "2025.01.14"]
[EventType "swiss (blitz)"]
[EventRounds "11"]
[EventCountry "USA"]
[SourceTitle "CB04_2025"]
[SourceDate "2025.01.22"]
[SourceVersion "1"]
[SourceVersionDate "2025.01.22"]
[SourceQuality "1"]

1. d4 d5 2. c4 c6 3. Nf3 Nf6 4. Nc3 e6 5. Bg5 Nbd7 6. e3 h6 7. Bh4 Be7 8. Bd3 dxc4 9. Bxc4 b5 10. Bd3 Bb7 11. 0-0 0-0 12. a3 a6 13. b4 a5 14. Qb3 axb4 15. axb4 c5 16. Rxa8 Bxa8 17. bxc5 Nxc5 18. Qxb5 Nxd3 19. Qxd3 Qa5 20. Rc1 Rc8 21. Ne2 Rxc1+ 22. Nxc1 g5 23. Bg3 Ne4 24. Nb3 Qa3 25. Qc2 Bd5 26. Nbd2 Nc3 27. h3 Ne2+ 28. Kh2 Nxg3 29. Kxg3 Bd6+ 30. Ne5 Qa8 31. e4 Bb7 32. Ndc4 Bxe4 33. Qd1 Bf8 34. Qh5 Qb7 35. h4 Qe7 36. Qg4 Bf5 37. Qh5 1-0

[Event "Moscow New Year Blitz"]
[Site "Moscow"]
[Date "2024.12.15"]
[Round "12"]
[White "Dreev, Alexey"]
[Black "Grischuk, Alexander"]
[Result "0-1"]
[WhiteElo "2590"]
[BlackElo "2689"]
[PlyCount "60"]
[EventDate "2024.12.15"]
[EventType "tourn (blitz)"]
[EventRounds "15"]
[EventCountry "RUS"]
[EventCategory "13"]
[SourceTitle "CB52_2024"]
[SourceDate "2024.12.25"]
[SourceVersion "1"]
[SourceVersionDate "2024.12.25"]
[SourceQuality "1"]

1. d4 Nf6 2. Nf3 g6 3. Bf4 Bg7 4. e3 0-0 5. Be2 c5 6. Nbd2 d6 7. c3 Nh5 8. Bg5 h6 9. Bh4 cxd4 10. Nxd4 Nf6 11. 0-0 Nbd7 12. a4 Nc5 13. Bf3 d5 14. c4 Ne6 15. N4b3 Ng5 16. Be2 b6 17. a5 Be6 18. Nd4 Qd7 19. N2f3 dxc4 20. Bxg5 hxg5 21. Nxe6 Qxe6 22. Nxg5 Qf5 23. Nf3 b5 24. Nd4 Qc5 25. b4 Qe5 26. Nc6 Qc7 27. Bf3 a6 28. Qc2 e5 29. Rad1 Rae8 30. Be4 Re6 0-1

[Event "Moscow New Year Blitz"]
[Site "Moscow"]
[Date "2024.12.15"]
[Round "3"]
[White "Dreev, Alexey"]
[Black "Riazantsev, Alexander"]
[Result "0-1"]
[WhiteElo "2590"]
[BlackElo "2616"]
[PlyCount "88"]
[EventDate "2024.12.15"]
[EventType "tourn (blitz)"]
[EventRounds "15"]
[EventCountry "RUS"]
[EventCategory "13"]
[SourceTitle "CB52_2024"]
[SourceDate "2024.12.25"]
[SourceVersion "1"]
[SourceVersionDate "2024.12.25"]
[SourceQuality "1"]

1. d4 Nf6 2. Nf3 e6 3. Bg5 h6 4. Bxf6 Qxf6 5. e4 d5 6. Nc3 Bb4 7. Bd3 c5 8. a3 Bxc3+ 9. bxc3 c4 10. e5 Qd8 11. Be2 Qa5 12. Qd2 Nd7 13. Bd1 Nb6 14. Ng1 Na4 15. Ne2 Bd7 16. 0-0 Qb6 17. Qc1 0-0-0 18. Rb1 Qc7 19. Qe3 Kb8 20. Rb4 a5 21. Rb1 f5 22. exf6 gxf6 23. f4 h5 24. Kh1 Qd6 25. Ra1 Be8 26. Qg3 h4 27. Qg7 Qf8 28. Qg4 Qd6 29. Re1 Bh5 30. Qh3 Bg6 31. Ng1 Bf5 32. Bg4 Qxf4 33. Bxf5 Qxf5 34. Qxf5 exf5 35. Re3 Rde8 36. Rf3 f4 37. Raf1 Re3 38. Rxe3 fxe3 39. Ne2 Re8 40. Rxf6 Nxc3 41. Nxc3 e2 42. Nxe2 Rxe2 43. Kg1 Rxc2 44. Rd6 Rd2 0-1

[Event "Moscow New Year Blitz"]
[Site "Moscow"]
[Date "2024.12.15"]
[Round "9"]
[White "Nesterov, Arseniy"]
[Black "Dreev, Alexey"]
[Result "1-0"]
[WhiteElo "2599"]
[BlackElo "2590"]
[PlyCount "65"]
[EventDate "2024.12.15"]
[EventType "tourn (blitz)"]
[EventRounds "15"]
[EventCountry "RUS"]
[EventCategory "13"]
[SourceTitle "CB52_2024"]
[SourceDate "2024.12.25"]
[SourceVersion "1"]
[SourceVersionDate "2024.12.25"]
[SourceQuality "1"]

1. d4 d5 2. c4 c6 3. Nc3 Nf6 4. cxd5 cxd5 5. Bf4 Nc6 6. e3 e6 7. Bd3 Be7 8. h3 0-0 9. Nf3 Bd7 10. 0-0 Qa5 11. a3 Rfc8 12. Rc1 Qd8 13. b4 Be8 14. Qb3 Bd6 15. Bxd6 Qxd6 16. Na4 Ne7 17. Ne5 Rxc1 18. Rxc1 Rc8 19. Rxc8 Nxc8 20. Qc2 Qd8 21. Nc5 Nd6 22. a4 Qc7 23. b5 b6 24. Na6 Qxc2 25. Bxc2 Kf8 26. Bd3 Ke7 27. Nb4 Nc8 28. f3 Kd6 29. Kf2 Kc7 30. g4 h6 31. e4 a5 32. bxa6 Bxa4 33. Nxf7 1-0

[Event "Moscow New Year Blitz"]
[Site "Moscow"]
[Date "2024.12.15"]
[Round "13"]
[White "Ponkratov, Pavel"]
[Black "Dreev, Alexey"]
[Result "0-1"]
[WhiteElo "2562"]
[BlackElo "2590"]
[PlyCount "60"]
[EventDate "2024.12.15"]
[EventType "tourn (blitz)"]
[EventRounds "15"]
[EventCountry "RUS"]
[EventCategory "13"]
[SourceTitle "CB52_2024"]
[SourceDate "2024.12.25"]
[SourceVersion "1"]
[SourceVersionDate "2024.12.25"]
[SourceQuality "1"]

1. e4 c6 2. d4 d5 3. e5 Bf5 4. Nd2 e6 5. Nb3 Nd7 6. Be2 f6 7. f4 Nh6 8. Nf3 Qb6 9. Bd2 a5 10. a4 Bb4 11. c3 Be7 12. 0-0 Be4 13. Kh1 Nf5 14. exf6 gxf6 15. Ne1 h5 16. Bf3 h4 17. Bc1 Ng3+ 18. hxg3 hxg3+ 19. Kg1 0-0-0 20. Nd2 f5 21. Bxe4 dxe4 22. Nxe4 fxe4 23. Qg4 Rdg8 24. Qxe6 Rg7 25. Rf3 exf3 26. Nxf3 Rgh7 27. Kf1 Qa6+ 28. c4 Rh6 29. Qxe7 Qxc4+ 30. Ke1 Re6+ 0-1

[Event "Moscow New Year Blitz"]
[Site "Moscow"]
[Date "2024.12.15"]
[Round "11"]
[White "Zemlyanskii, Ivan"]
[Black "Dreev, Alexey"]
[Result "1-0"]
[WhiteElo "2543"]
[BlackElo "2590"]
[PlyCount "71"]
[EventDate "2024.12.15"]
[EventType "tourn (blitz)"]
[EventRounds "15"]
[EventCountry "RUS"]
[EventCategory "13"]
[SourceTitle "CB52_2024"]
[SourceDate "2024.12.25"]
[SourceVersion "1"]
[SourceVersionDate "2024.12.25"]
[SourceQuality "1"]

1. e4 c6 2. d4 d5 3. e5 Bf5 4. c4 e6 5. Nc3 Bb4 6. cxd5 cxd5 7. h4 h6 8. g4 Be4 9. f3 Bh7 10. h5 Nc6 11. Bd3 Bxd3 12. Qxd3 Nge7 13. Nge2 Qb6 14. Bd2 Rc8 15. b3 Qa6 16. Qxa6 bxa6 17. Na4 f6 18. f4 f5 19. g5 hxg5 20. fxg5 f4 21. Rc1 0-0 22. Bxb4 Nxb4 23. Rxc8 Rxc8 24. Nc5 Nf5 25. Rf1 Nc2+ 26. Kd2 Ncxd4 27. Nxd4 Nxd4 28. Rxf4 Nc6 29. Nxe6 Re8 30. Nc5 Rxe5 31. g6 Ne7 32. Rb4 Rf5 33. Rb7 Nc6 34. Rc7 Nd4 35. Nd7 Ne6 36. Rc6 1-0

[Event "Moscow Region Rapid Cup"]
[Site "Moscow"]
[Date "2024.12.01"]
[Round "12"]
[White "Lagno, Kateryna"]
[Black "Dreev, Alexey"]
[Result "1/2-1/2"]
[WhiteElo "2527"]
[BlackElo "2590"]
[PlyCount "76"]
[EventDate "2024.11.29"]
[EventType "tourn (rapid)"]
[EventRounds "14"]
[EventCountry "RUS"]
[EventCategory "16"]
[SourceTitle "CB49_2024"]
[SourceDate "2024.12.04"]
[SourceVersion "1"]
[SourceVersionDate "2024.12.04"]
[SourceQuality "1"]

1. e4 c6 2. d4 d5 3. e5 c5 4. Nf3 cxd4 5. Nxd4 Nc6 6. Nxc6 bxc6 7. Bd3 e6 8. 0-0 Ne7 9. Nd2 a5 10. Re1 Ba6 11. Bxa6 Rxa6 12. c4 Nf5 13. Nf3 Bb4 14. Bg5 Qb6 15. Re2 h6 16. Bf4 Be7 17. Rc2 0-0 18. h4 Rd8 19. h5 dxc4 20. Qe2 c5 21. Rxc4 Ra7 22. Rac1 Rad7 23. b3 Rd5 24. g3 Qb7 25. Qe4 Qb5 26. Kg2 Nd4 27. Nxd4 Rxd4 28. Qf3 a4 29. Rxd4 Rxd4 30. Qa8+ Rd8 31. Qxa4 Qb7+ 32. Kg1 Ra8 33. Qc4 Rxa2 34. Be3 Ra8 35. Bxc5 Bxc5 36. Qxc5 Qxb3 37. Qc4 Qf3 38. Qc6 Qxc6 1/2-1/2

[Event "Moscow Region Rapid Cup"]
[Site "Moscow"]
[Date "2024.11.30"]
[Round "7"]
[White "Dreev, Alexey"]
[Black "Tomashevsky, Evgeny"]
[Result "1/2-1/2"]
[WhiteElo "2590"]
[BlackElo "2681"]
[PlyCount "30"]
[EventDate "2024.11.29"]
[EventType "tourn (rapid)"]
[EventRounds "14"]
[EventCountry "RUS"]
[EventCategory "16"]
[SourceTitle "CB49_2024"]
[SourceDate "2024.12.04"]
[SourceVersion "1"]
[SourceVersionDate "2024.12.04"]
[SourceQuality "1"]

1. d4 Nf6 2. Nf3 d5 3. Bf4 c5 4. e3 e6 5. Nbd2 Qb6 6. Rb1 cxd4 7. exd4 Bd7 8. c3 Bb5 9. Bxb5+ Qxb5 10. Qb3 Qa6 11. a4 Nc6 12. Qb5 Qb6 13. Ne5 Be7 14. 0-0 0-0 15. Rbe1 Rfe8 1/2-1/2

[Event "Moscow Region Rapid Cup"]
[Site "Moscow"]
[Date "2024.11.29"]
[Round "2"]
[White "Dreev, Alexey"]
[Black "Artemiev, Vladislav"]
[Result "1/2-1/2"]
[WhiteElo "2590"]
[BlackElo "2701"]
[PlyCount "63"]
[EventDate "2024.11.29"]
[EventType "tourn (rapid)"]
[EventRounds "14"]
[EventCountry "RUS"]
[EventCategory "16"]
[SourceTitle "CB49_2024"]
[SourceDate "2024.12.04"]
[SourceVersion "1"]
[SourceVersionDate "2024.12.04"]
[SourceQuality "1"]

1. d4 e6 2. e4 d5 3. exd5 exd5 4. Nf3 Bd6 5. c4 Nf6 6. Nc3 0-0 7. cxd5 Re8+ 8. Be2 Nbd7 9. 0-0 Nb6 10. Bg5 h6 11. Bxf6 Qxf6 12. Ne5 Bxe5 13. dxe5 Qxe5 14. Bf3 Bf5 15. Re1 Qf4 16. Re2 Rad8 17. Qe1 Kf8 18. b3 Nd7 19. Qc1 Qxc1+ 20. Rxc1 Ne5 21. Be4 Bxe4 22. Rxe4 Nd3 23. Rxe8+ Rxe8 24. Rd1 a6 25. d6 cxd6 26. Kf1 Ne5 27. Rxd6 Rc8 28. Nd5 Rc1+ 29. Ke2 g6 30. Ne3 Ra1 31. Rd2 Nc6 32. Nd5 1/2-1/2

[Event "Moscow Region Rapid Cup"]
[Site "Moscow"]
[Date "2024.11.29"]
[Round "5"]
[White "Dreev, Alexey"]
[Black "Lagno, Kateryna"]
[Result "1-0"]
[WhiteElo "2590"]
[BlackElo "2527"]
[PlyCount "57"]
[EventDate "2024.11.29"]
[EventType "tourn (rapid)"]
[EventRounds "14"]
[EventCountry "RUS"]
[EventCategory "16"]
[SourceTitle "CB49_2024"]
[SourceDate "2024.12.04"]
[SourceVersion "1"]
[SourceVersionDate "2024.12.04"]
[SourceQuality "1"]

1. d4 d5 2. Nf3 e6 3. c4 Nf6 4. Nc3 Be7 5. Bf4 0-0 6. Rc1 b6 7. e3 c5 8. dxc5 bxc5 9. Be2 Ba6 10. 0-0 Nbd7 11. cxd5 Bxe2 12. Qxe2 Nxd5 13. Nxd5 exd5 14. Rfd1 Nb6 15. e4 d4 16. b4 cxb4 17. Nxd4 Qe8 18. Nf5 Rd8 19. Qg4 g6 20. Bh6 Bf6 21. Bxf8 Kxf8 22. Rxd8 Qxd8 23. Rd1 Qc8 24. Ne3 Qxg4 25. Nxg4 Bc3 26. Ne3 a5 27. Rd6 Na4 28. Rd5 Nb6 29. Rb5 1-0

[Event "Moscow Region Rapid Cup"]
[Site "Moscow"]
[Date "2024.11.29"]
[Round "3"]
[White "Goryachkina, Aleksandra"]
[Black "Dreev, Alexey"]
[Result "1/2-1/2"]
[WhiteElo "2528"]
[BlackElo "2590"]
[PlyCount "20"]
[EventDate "2024.11.29"]
[EventType "tourn (rapid)"]
[EventRounds "14"]
[EventCountry "RUS"]
[EventCategory "16"]
[SourceTitle "CB49_2024"]
[SourceDate "2024.12.04"]
[SourceVersion "1"]
[SourceVersionDate "2024.12.04"]
[SourceQuality "1"]

1. d4 d5 2. c4 e6 3. Nf3 Nf6 4. g3 dxc4 5. Bg2 c6 6. a4 c5 7. 0-0 Nc6 8. dxc5 Qxd1 9. Rxd1 Bxc5 10. Nbd2 c3 1/2-1/2

[Event "Moscow Region Rapid Cup"]
[Site "Moscow"]
[Date "2024.11.29"]
[Round "1"]
[White "Karjakin, Sergey"]
[Black "Dreev, Alexey"]
[Result "1/2-1/2"]
[WhiteElo "2750"]
[BlackElo "2590"]
[PlyCount "139"]
[EventDate "2024.11.29"]
[EventType "tourn (rapid)"]
[EventRounds "14"]
[EventCountry "RUS"]
[EventCategory "16"]
[SourceTitle "CB49_2024"]
[SourceDate "2024.12.04"]
[SourceVersion "1"]
[SourceVersionDate "2024.12.04"]
[SourceQuality "1"]

1. Nf3 d5 2. g3 c6 3. Bg2 Bg4 4. 0-0 e6 5. h3 Bh5 6. c4 Nf6 7. d4 Be7 8. Nc3 Nbd7 9. cxd5 cxd5 10. Ne5 Bg6 11. Nxg6 hxg6 12. Qb3 Qb6 13. Qxb6 Nxb6 14. b3 0-0 15. Bb2 Rfc8 16. Rfc1 Rc6 17. e4 dxe4 18. Nxe4 Rxc1+ 19. Rxc1 Nbd5 20. Nxf6+ Bxf6 21. Bxd5 exd5 22. Rc7 Re8 23. Kf1 Re7 24. Rc8+ Kh7 25. Rc5 Rd7 26. Ke2 g5 27. Kd3 Kg6 28. g4 Be7 29. Rc8 Kf6 30. Bc1 Ke6 31. Rb8 a6 32. a4 f6 33. Bd2 Bd6 34. Rh8 Rc7 35. Rg8 Kf7 36. Ra8 Ke6 37. Ba5 Rf7 38. Rg8 Kd7 39. Bc3 Kc6 40. Bd2 Re7 41. Ba5 Rf7 42. Bd2 Re7 43. f3 Rf7 44. Be1 Re7 45. Bd2 Bf4 46. Rc8+ Kd7 47. Rc5 Bxd2 48. Kxd2 Kd6 49. Rc8 Rc7 50. Rh8 Ke7 51. Kd3 Kd6 52. h4 gxh4 53. Rxh4 b5 54. axb5 axb5 55. f4 b4 56. Kd2 Ke6 57. Rh3 Ra7 58. f5+ Kd6 59. Rh7 Rc7 60. Kd1 Re7 61. Kc2 Ra7 62. Kd3 Rc7 63. Kd2 Re7 64. Kd3 Kd7 65. Kd2 Kd6 66. Kd3 Kd7 67. Kc2 Kd6 68. Kd2 Kd7 69. Kd3 Kd6 70. Kd2 1/2-1/2

[Event "Julius Baer GenCup Pl/In"]
[Site "Chess.com INT"]
[Date "2024.09.25"]
[Round "9"]
[White "Dreev, Alexey"]
[Black "Petrosyan, Manuel"]
[Result "1-0"]
[WhiteElo "2590"]
[BlackElo "2631"]
[PlyCount "103"]
[EventDate "2024.09.25"]
[EventType "swiss (rapid)"]
[EventRounds "9"]
[EventCountry "GER"]
[SourceTitle "EXT 2025"]
[Source "ChessBase"]
[SourceDate "2024.10.14"]
[SourceVersion "1"]
[SourceVersionDate "2024.10.14"]
[SourceQuality "1"]

1. d4 Nf6 2. c4 e6 3. Nc3 Bb4 4. Qc2 0-0 5. Nf3 c5 6. dxc5 Na6 7. g3 Nxc5 8. Bg2 Nce4 9. 0-0 Nxc3 10. bxc3 Be7 11. e4 d6 12. e5 dxe5 13. Nxe5 Qc7 14. Re1 Nd7 15. Bf4 Nxe5 16. Bxe5 Bd6 17. Qe2 Rb8 18. Rad1 Bxe5 19. Qxe5 Qxe5 20. Rxe5 b6 21. c5 f6 22. cxb6 axb6 23. Re3 Kf7 24. c4 Ke7 25. Ra3 Rd8 26. Ra7+ Rd7 27. Rdxd7+ Bxd7 28. Bc6 Rd8 29. Rb7 e5 30. Rxb6 Bxc6 31. Rxc6 f5 32. a4 Rd1+ 33. Kg2 Ra1 34. Rc5 Kf6 35. a5 e4 36. Rb5 Ra2 37. Kf1 Ke6 38. c5 Kd5 39. c6+ Kxc6 40. Rxf5 e3 41. Rf7 g6 42. a6 exf2 43. Rxf2 Rxa6 44. Rf6+ Kb5 45. Rxa6 Kxa6 46. Kf2 Kb5 47. Kf3 Kc5 48. Kf4 Kd5 49. Kg5 Ke4 50. Kh6 Kf5 51. Kxh7 Kg5 52. Kg7 1-0

[Event "Julius Baer GenCup Pl/In"]
[Site "Chess.com INT"]
[Date "2024.09.25"]
[Round "1"]
[White "Tristan, Leonardo"]
[Black "Dreev, Alexey"]
[Result "1-0"]
[WhiteElo "2536"]
[BlackElo "2590"]
[PlyCount "123"]
[EventDate "2024.09.25"]
[EventType "swiss (rapid)"]
[EventRounds "9"]
[EventCountry "GER"]
[SourceTitle "EXT 2025"]
[Source "ChessBase"]
[SourceDate "2024.10.14"]
[SourceVersion "1"]
[SourceVersionDate "2024.10.14"]
[SourceQuality "1"]

1. d4 Nf6 2. Nf3 d5 3. Bf4 c5 4. e3 Nc6 5. c3 e6 6. Nbd2 cxd4 7. exd4 Nh5 8. Be3 Bd6 9. Ne5 Nf6 10. Ndf3 Qc7 11. Bd3 0-0 12. 0-0 Ne4 13. Re1 f6 14. Nxc6 bxc6 15. Qc2 Rb8 16. b4 f5 17. Ne5 f4 18. Bc1 Bxe5 19. dxe5 f3 20. Bxe4 dxe4 21. Qxe4 c5 22. Qc4 Qf7 23. bxc5 Bb7 24. g3 h6 25. Be3 Bd5 26. Qg4 Kh7 27. h3 Rb2 28. Reb1 Re2 29. Re1 Rb2 30. Kh2 Qb7 31. Bd4 Rc2 32. Reb1 Qa6 33. a4 Rf7 34. Qh5 Rb7 35. Qe8 Rd2 36. Rxb7 Qxb7 37. Qb5 Qc8 38. Qb1+ Kg8 39. Qc1 Re2 40. Rb1 Qe8 41. Rb4 Be4 42. Be3 Bf5 43. Qd1 Kh7 44. Rf4 Qh5 45. g4 Qh4 46. Qg1 Bd3 47. Rxf3 Qe7 48. g5 h5 49. Qd1 Qd7 50. g6+ Kxg6 51. Bc1 Qd5 52. Qxd3+ Qxd3 53. Rxd3 Rxf2+ 54. Kg3 Rf1 55. Be3 Kf5 56. c6 Ke4 57. Rd4+ Kxe3 58. c7 Rf8 59. Rd8 Rf3+ 60. Kg2 Rf2+ 61. Kg1 Ke2 62. Rd2+ 1-0

[Event "RUS-ch 77th"]
[Site "Barnaul"]
[Date "2024.08.25"]
[Round "8"]
[White "Grebnev, Aleksey"]
[Black "Dreev, Alexey"]
[Result "1/2-1/2"]
[WhiteElo "2513"]
[BlackElo "2591"]
[PlyCount "31"]
[EventDate "2024.08.17"]
[EventType "tourn"]
[EventRounds "11"]
[EventCountry "RUS"]
[EventCategory "15"]
[SourceTitle "CBM 221 Extra"]
[Source "ChessBase"]
[SourceDate "2024.09.30"]
[SourceVersion "1"]
[SourceVersionDate "2024.09.30"]
[SourceQuality "1"]

1. e4 c6 2. d4 d5 3. e5 c5 4. Nf3 cxd4 5. Qxd4 Nc6 6. Qf4 e6 7. Be3 Bd7 8. Nc3 f6 9. 0-0-0 Qb8 10. Bd4 g6 11. Kb1 Bh6 12. Qh4 fxe5 13. Nxe5 Nxe5 14. Re1 Bg7 15. Qg3 Nh6 16. Bxe5 1/2-1/2

[Event "CrunchLab Masters Div 3 L"]
[Site "Chess.com INT"]
[Date "2024.07.20"]
[Round "2.1"]
[White "Santos Latasa, Jaime"]
[Black "Dreev, Alexey"]
[Result "1-0"]
[WhiteElo "2631"]
[BlackElo "2595"]
[PlyCount "77"]
[EventDate "2024.07.19"]
[EventType "k.o. (rapid)"]
[EventRounds "8"]
[EventCountry "USA"]
[SourceTitle "CBM 221 Extra"]
[Source "ChessBase"]
[SourceDate "2024.09.30"]
[SourceVersion "1"]
[SourceVersionDate "2024.09.30"]
[SourceQuality "1"]

1. d4 Nf6 2. Nf3 d5 3. c4 c6 4. e3 Bf5 5. Nc3 e6 6. Nh4 Be4 7. f3 Bg6 8. Bd2 Be7 9. Nxg6 hxg6 10. Qc2 Nbd7 11. 0-0-0 a6 12. Kb1 dxc4 13. Bxc4 b5 14. Be2 c5 15. d5 exd5 16. g4 b4 17. Na4 c4 18. g5 Nh5 19. Bc1 Qa5 20. e4 Nb6 21. Nxb6 Qxb6 22. exd5 0-0 23. Bxc4 Bd6 24. Rhe1 Rfc8 25. Re4 a5 26. Be3 Qd8 27. Qa4 f5 28. gxf6 Nxf6 29. Bg5 Ra7 30. Rde1 Rf7 31. Qc2 Qc7 32. Rh4 Re7 33. Rc1 Rf7 34. Qxg6 Qe7 35. Bxf6 Rxf6 36. Qh7+ Kf7 37. Qh5+ g6 38. Qh7+ Ke8 39. Re4 1-0

[Event "CrunchLab Masters Div 3 L"]
[Site "Chess.com INT"]
[Date "2024.07.19"]
[Round "1.1"]
[White "Dragun, Kamil"]
[Black "Dreev, Alexey"]
[Result "0-1"]
[WhiteElo "2528"]
[BlackElo "2595"]
[PlyCount "96"]
[EventDate "2024.07.19"]
[EventType "k.o. (rapid)"]
[EventRounds "8"]
[EventCountry "USA"]
[SourceTitle "CBM 221 Extra"]
[Source "ChessBase"]
[SourceDate "2024.09.30"]
[SourceVersion "1"]
[SourceVersionDate "2024.09.30"]
[SourceQuality "1"]

1. d4 Nf6 2. c4 c6 3. Nc3 d5 4. cxd5 cxd5 5. Bf4 Nc6 6. e3 Bg4 7. Nf3 a6 8. Be2 e6 9. Ne5 Bxe2 10. Qxe2 Rc8 11. 0-0 Bd6 12. Bg3 Bxe5 13. dxe5 Nd7 14. Qh5 0-0 15. f4 Qb6 16. Nd1 Nb4 17. Rf3 Nc2 18. Rb1 f6 19. Bf2 fxe5 20. Rh3 Nf6 21. Qh4 exf4 22. exf4 Qb5 23. Nc3 Qb4 24. a3 Qd6 25. Rc1 d4 26. Ne4 Qe7 27. Nxf6+ gxf6 28. Rd1 Rfd8 29. Qh6 Ne3 30. Bxe3 dxe3 31. Re1 Rd3 32. Rhxe3 Rxe3 33. Rxe3 Rc1+ 34. Kf2 Rc2+ 35. Kf3 Rxb2 36. Qh3 Rb6 37. Qg4+ Qg7 38. Qh5 Qg6 39. Qc5 Rc6 40. Qe7 h5 41. Qd8+ Kh7 42. Rd3 Qg4+ 43. Ke3 Kg6 44. Rd7 Kf5 45. g3 Rc3+ 46. Kd2 Qf3 47. Qb6 Rxa3 48. Qd4 Ra2+ 0-1

[Event "CrunchLab Masters Div 3 L"]
[Site "Chess.com INT"]
[Date "2024.07.19"]
[Round "1.2"]
[White "Dreev, Alexey"]
[Black "Dragun, Kamil"]
[Result "0-1"]
[WhiteElo "2595"]
[BlackElo "2528"]
[PlyCount "126"]
[EventDate "2024.07.19"]
[EventType "k.o. (rapid)"]
[EventRounds "8"]
[EventCountry "USA"]
[SourceTitle "CBM 221 Extra"]
[Source "ChessBase"]
[SourceDate "2024.09.30"]
[SourceVersion "1"]
[SourceVersionDate "2024.09.30"]
[SourceQuality "1"]

1. d4 Nf6 2. Nf3 g6 3. Bg5 Bg7 4. Nbd2 0-0 5. e4 d5 6. exd5 Nxd5 7. c3 h6 8. Bh4 f5 9. Bc4 g5 10. Bxg5 hxg5 11. Nxg5 e6 12. h4 c5 13. dxc5 Nc6 14. Qh5 Nf6 15. Qe2 Re8 16. 0-0-0 Qe7 17. Nb3 Nh7 18. Qh5 Nxg5 19. hxg5 Ne5 20. Bb5 Bd7 21. Bxd7 Nxd7 22. g4 Nf8 23. Nd4 fxg4 24. Qxg4 Qxc5 25. Rhe1 Rad8 26. Re4 Qd5 27. Nb3 Qxd1+ 28. Qxd1 Rxd1+ 29. Kxd1 Rd8+ 30. Ke2 b6 31. Nd2 Rd5 32. Ra4 a5 33. f4 Nd7 34. Rc4 Kf7 35. Rc7 Kg6 36. c4 Rd6 37. Ne4 Rd4 38. Ke3 e5 39. fxe5 Bxe5 40. Rc6+ Kf5 41. Nc3 Rg4 42. Nd5 Bd4+ 43. Ke2 Ne5 44. Rf6+ Ke4 45. Nxb6 Rg2+ 46. Kf1 Rxb2 47. Nd5 Nd3 48. Rf7 Rxa2 49. g6 Ra1+ 50. Ke2 Ra2+ 51. Kf1 Ra1+ 52. Ke2 Rg1 53. Re7+ Be5 54. Nc3+ Kd4 55. Nb5+ Kxc4 56. Na3+ Kd4 57. Nb5+ Ke4 58. Nc3+ Kf5 59. Kxd3 Rg3+ 60. Kd2 Bxc3+ 61. Kc2 Kxg6 62. Re8 Kf7 63. Re4 Bb4 0-1